000 00855cam a22002654a 4500
003 OSt
005 20240530110416.0
008 060504s2006 enkab f b 001 0 eng
020 _a1859641547
035 _a(CaONFCNI)ny4501856
040 _aEG-CaGPL
_cEG-CaGPL
041 0 _aeng
043 _af-ua---
082 0 4 _221
_a720.96216
_bCC/Y A
100 1 _aYeomans, Richard.
245 1 4 _aThe art and architecture of Islamic Cairo /
_cRichard Yeomans.
260 _aReading, UK :
_bGarnet Publishing,
_c2006.
300 _avi, 274 p. :
_bcol. ill., maps ;
_c29 cm.
504 _aIncludes bibliographical references (p. 259-263) and index.
650 0 _aIslamic architecture
_zEgypt
_zCairo.
650 0 _aIslamic art
_zEgypt
_zCairo.
651 0 _aCairo (Egypt)
_xBuildings, structures, etc.
651 0 _aCairo (Egypt)
_xCivilization.
942 _2ddc
_cBK
999 _c60561
_d60561